000 01053nam a2200253 a 4500
999 _c348487
_d348487
003 BLK
005 20230913005138.0
008 200210b bu ||||| |||| 00| 0 bu d
020 _a9786190104834
040 _aBLK
041 _aBUL
_cBUL
080 _aАмериканска литература (на САЩ)
_b821.111(73)
_x-322.9
_z821.111(73)-322.9
100 _9308180
_aЛъвкрафт, Хауърд Филипс
_eпърви автор
139 _aЛъвкрафт, Хауърд Филипс
_bЛ 93
245 _aДруги богове
_bНеиздавани разкази и новели
_cХ. Ф. Лъвкрафт ; Прев. от англ. Огняна Иванова
260 _9210881
_aСофия
_bИзток-Запад
_c2019
_n978-619-01- ; 978-619-152- ; 978-954-321- ; 954-8945-
300 _a288 с.
_c21 см
380 _aX
490 _9206327
_aMagica
700 _aИванова, Огняна Начева
_d1947-
_9369792
852 _bП
_cП 820(73)-32/Л 93
942 _2udc
_cKNG
_n0
_s1
_019
944 _k
_lCRON CRON